000 03838nam a22003137i 4500
001 TCPA 93
003 gtcocun
005 20250816224947.0
006 a||||gr|||| 00| 0
008 250816b2021 gt ||||| m||| 00| 0 eng d
040 _agtcocun
_bSPA
_cgtcocun
_eRDA
041 _aSPA
084 _0TCPA 93
100 _aRuiz Tello, Walter Geovani
_eAutor
245 _aInforme final del Ejercicio Profesional Supervisado, realizado en Industria Chiquibul, S.A. Chisec, Alta Verapaz/
_cWalter Geovani Ruiz Tello
_hImpreso
264 _aCobán, Alta Verapaz:
_bUniversidad de San Carlos de Guatemala, Centro Universitario del Norte, Licenciatura en Contaduría Pública y Auditoría.
_c2021
300 _a51 p.:
_bIlustraciones, gráficas.
_c28 cm; PDF
336 _2rdacontenido
_aTexto
_btxt
337 _2rdamedio
_aComputadora
_bn
338 _2rdasoporte
_aCódigo en línea
_bcr
502 _e.
502 _aTesis de grado
_bLicenciatura en Contaduría Pública y Auditoría.
_cUniversidad de San Carlos de Guatemala, Centro Universitario del Norte, Licenciatura en Contaduría Pública y Auditoría.
_d2021
_oTCPA 93
520 1 4 _aEl presente documento contiene información sobre el ejercicio profesional supervisado realizado en Industria Chiquibul S.A., según lo detectado se observaron deficiencias en el sistema de control interno de la empresa, por lo que se establecieron niveles de prioridad para desarrollar cada una de las actividades propuestas. Por ende, se procedió a ejecutar y así recomendar a la administración las soluciones de las mismas. Durante la revisión de los estados financieros, se observó que los activos fijos de la empresa representan parte considerable del patrimonio y por la importancia de dicho rubro se realizó una auditoría especial al rubro de activos fijos especialmente a vehículos, maquinaria y equipo de cómputo, en dicha actividad se detectó que la información contable no se encuentra debidamente actualizada, además, se detectaron debilidades de suma importancia por lo que se realizaron las recomendaciones necesarias para cada uno de los casos detectados, así como las propuestas de los respectivos ajustes contables con el propósito de que los estados financieros figuren la situación real de la empresa. Mediante cuestionario de control interno a personal de bodega se detectó que existen artículos que no presentan una existencia real de cada uno de los materiales, por lo que se procedió a realizar una toma física de los inventarios de materiales, insumos y producto terminado, en la que se detectó que no reflejan las existencias reales a nivel contable, así como a nivel de sistema, por lo que se detallaron cada uno de los casos para la corrección de los mismos, con el propósito de que los rubros sean presentados de manera razonable, también el abastecimiento de materiales de cada una de las bodegas se realice de manera oportuna y evitando desabastecer la bodega de materiales indispensables. Debido a la localización de debilidades por medio de cuestionario de control interno realizado al personal de obra civil, se detectaron obras que ya fueron finalizadas desde años anteriores, por lo que se realizó una auditoría de construcciones en proceso con el propósito de inspeccionar físicamente cada una de las mismas y así plantear los ajustes necesarios para la correcta presentación en los estados financieros.
650 _2LEMB
_aChisec, Alta Verapaz.
_xanalizar
_xcontextualizar
_xdescribir
_xconceptualizar
_xdesarrollar
_xrealizar
700 _aLic. Carlos Adolfo Guerrero Bailón
_eAsesor
856 _uhttps://drive.google.com/file/d/1cvgOaxYkulT0HiZHVN-t--ss64LbTRam/view?usp=sharing
_yPDF
_zUn ejemplar en línea.
942 _2ddc
_cTES
_iTCPA 93
_kClasificación
_n0
_6TCPA_93_000000000000000
999 _c1146
_d1146